000 01240cam a2200313 a 4500
999 _c907
_d907
001 12889035
003 OSt
005 20210622081140.0
008 020809s2004 caua b 001 0 eng
010 _a 2002111288
020 _a0534506089
040 _aDLC
_cDLC
_dDLC
050 0 0 _aHV11
_b.R69 2004
082 0 0 _a361.3/2/072
_221
100 1 _aRoyse, David D.
_q(David Daniel)
245 1 0 _aResearch methods in social work /
_cDavid Royse.
250 _a4th ed.
260 _aPacific Grove, CA :
_bBrooks/Cole-Thomson Learning,
_cc2004.
300 _axvii, 359 p. :
_bill. ;
_c24 cm.
504 _aIncludes bibliographical references and index.
650 0 _aSocial service
_xResearch
_xMethodology.
856 4 2 _3Contributor biographical information
_uhttp://www.loc.gov/catdir/enhancements/fy1514/2002111288-b.html
856 4 2 _3Publisher description
_uhttp://www.loc.gov/catdir/enhancements/fy1514/2002111288-d.html
856 4 1 _3Table of contents only
_uhttp://www.loc.gov/catdir/enhancements/fy1514/2002111288-t.html
906 _a7
_bcbc
_corigcop
_d2
_encip
_f20
_gy-gencatlg
942 _2lcc
_cBK
_nDO